MARC

LEADER 00000nam0a2200000 4500
001 76964
005 20231101212915.0
010 |a 5286001491 
035 |a (RuTPU)RU\TPU\book\82534 
090 |a 76964 
100 |a 20050510d1989 m y0rusy50 ca 
101 0 |a rus 
102 |a RU 
105 |a a j 001zy 
200 1 |a Основы теории случайных функций в задачах гидрометеорологии  |e учебное пособие  |f Д. И. Казакевич 
210 |a Ленинград  |c Гидрометеоиздат  |d 1989 
215 |a 232 с.  |c ил. 
320 |a Библиогр.: с. 224 
320 |a Предметный указатель: с. 225-228 
606 |a Метеорологические наблюдения  |x Обработка  |x Номограммы  |2 stltpush  |3 (RuTPU)RU\TPU\subj\43449  |9 62948 
610 1 |a гидрометеорология 
610 1 |a случайные процессы 
610 1 |a учебные пособия 
610 1 |a статистические методы 
610 1 |a случайные величины 
610 1 |a спектральный анализ 
610 1 |a линейные преобразования 
610 1 |a экстраполяция 
675 |a 551.501.4(075.8)  |v 3 
700 1 |a Казакевич  |b Д. И.  |g Давид Ильич 
801 1 |a RU  |b 63413507  |c 20050510  |g PSBO 
801 2 |a RU  |b 63413507  |c 20180426  |g PSBO 
942 |c BK